| 000 | 01104nam a2200181 a 4500 | ||
|---|---|---|---|
| 001 | 000046344 | ||
| 003 | DO-SdBNP | ||
| 005 | 20250220094933.0 | ||
| 008 | 150731s2013 dr 000 0 spa d | ||
| 040 |
_aDO-SdBNP _bspa _cBNPHU |
||
| 110 | 1 |
_aRepública Dominicana. _bMinisterio de las Fuerzas Armadas _974372 |
|
| 245 | 1 | 0 |
_aCompendio de monografías de la especialidad de comando y Estado mayor conjunto : _bpromociones 2011-2012 / _ceditor, Eduardo Klinger Pevida. |
| 260 |
_aSanto Domingo : _bINSUDE, _c2013. |
||
| 300 |
_a374 p. ; _c24 cm. |
||
| 505 | 0 | _aVinculación sociocultural de las instituciones militares con la sociedad civil -- Educación superior ciencia y tecnología -- Desarrollo profesional militar --Seguridad y Defensa --Seguridad -- Apoyo al combate contra el narcotráfico y crimen organizado -- Fortalecimiento institucional del sistema de seguridad y defensa nacional --Medio ambiente, prevención y riesgos y asistencia humanitaria -- Protección de cuencas hidrográficas -- Protección del medio ambiente | |
| 700 | 1 | 2 |
_aKlinger Pevida, Eduardo _eed. _92240 |
| 942 |
_2ddc _cLBS1 |
||
| 999 |
_c45833 _d45833 |
||